00512nam a2200181 a 45000010010000000030011000100080041000210350026000620820013000881000012001012450027001132600037001406500017001779420012001949520089002069980020002959990015003150000-8648ELIB.Books110520 1982  a(ELIB.Books)0000-8794 a30 bAlm aAlmanac aThe World Almanac 1982 bNew Jersey: World Almanac c1982 aWorld Almanc 2ddccBK 00102ddc4070aKBTSbKBTSd2011-05-20l0p848r2022-01-22 00:00:00w2022-01-22yBK cbate2011-05-20 c8648d8648